[Event "84th ESP-ch 2019"]
[Site "Marbella"]
[Date "2019.11.21"]
[Round "6.20"]
[White "Diaz Mino, Pablo"]
[Black "Perez Garcia, Alejandro"]
[Result "0-1"]
[WhiteElo "2135"]
[BlackElo "2343"]
[Annotator "TA"]
[PlyCount "66"]
[EventDate "2019.11.16"]
[EventType "swiss"]
[EventCountry "ESP"]
[SourceTitle "playchess.com"]
[Source "ChessBase"]
[SourceQuality "1"]

{[%evp 9,134,23,31,19,67,10,45,4,45,-31,-20,-25,21,0,10,0,0,0,0,-45,0,-57,-53,-36,-62,-47,-39,-105,-107,-95,-106,-149,-134,-165,-108,-101,-95,-85,-35,-43,-43,-41,0,0,54,-199,-198,-139,-158,-1423,-575,-29972,-29971,-29978,-29979,-29979,0,-8,0,0,217,49,58,57,50,0,0,-14,0,0,0,0,10,0,31,31,31,31,31,31,31,0,35,0,0,0,0,-7,0,0,0,-7,13,0,0,-14,-12,-217,-210,-466,-484,-1770,-1475,-6323,-6299,-29974,-29975,-29968,-29959,-1808,-1047,-1019,-1019,-957,-957,-29984,-29982,-29982,-29979,-29983,-29980,-29987,-29988,-29988,-29989,-29988,-29989]} 1. d4 d6 2. c4 e5 3. Nc3 Nf6 4. d5 Nbd7 5. e4 Nc5 6. Bd3 {A53: Old Indian Defence without Nf3} (6. f3 a5 7. Be3 Be7 8. Nge2 c6 9. Nc1 O-O 10. Nd3 cxd5 11. cxd5 b6 12. Qd2 Nh5 13. O-O-O h6 14. g4 Nxd3+ 15. Bxd3 Nf4 16. Kb1 Nxd3 17. Qxd3 {1-0 (38) Battaglini,G (2473)-Smirin,I (2644) Jerusalem 2017}) 6... a5 7. h3 (7. Bc2 $14) 7... Be7 8. Nf3 {White is slightly better.} (8. Bc2 {is more complex.} O-O 9. Nf3 c6 10. Be3 cxd5 11. exd5 Nfd7 12. g4) 8... O-O 9. g4 $146 (9. Bc2 $14) ({Predecessor:} 9. Bc2 c6 10. Be3 cxd5 11. cxd5 Qc7 12. O-O Bd7 13. a4 Rfc8 14. Bxc5 Qxc5 {½-½ (53) Marzolo,C (2470)-Hauchard,A (2527) France 2010}) 9... Nxd3+ $15 10. Qxd3 Nd7 11. Be3 b6 12. a3 Nc5 13. Qc2 Bd7 14. b3 Kh8 15. Rb1 (15. O-O-O $11) 15... g6 16. b4 axb4 17. axb4 Na4 18. Nxa4 (18. Nb5 $15) 18... Rxa4 $17 19. b5 Ra8 20. Qc1 f5 $1 21. Bh6 Rf7 (21... fxg4 $19 22. Bxf8 Qxf8) 22. Ng5 Bxg5 23. Bxg5 Qe8 24. gxf5 gxf5 25. Rg1 f4 {Strongly threatening ...Ra2.} 26. Qd1 Ra3 (26... Qf8 $11) 27. Ra1 $2 {[%mdl 8192]} (27. Qh5 $1 $14 {was the only good move.}) 27... Qa8 $1 $19 {[%cal Ra8a5]} ({Don't take} 27... Rxh3 28. Kd2 $15) 28. Rxa3 Qxa3 29. Qh5 $2 (29. Kd2 $17) 29... Qa1+ (29... Qb4+ $142 30. Kd1 Qb3+ 31. Kd2 Qb2+ 32. Kd1 Qd4+ 33. Ke1 Qc3+ 34. Kd1 Qd3+ 35. Kc1 Qxc4+ {[%mdl 64] Double Attack} 36. Kb2 Qb4+ 37. Kc1 Qa3+ 38. Kb1 Qb3+ 39. Kc1 Qc3+ 40. Kb1 Bxb5 $1 {[%mdl 512]}) 30. Ke2 f3+ 31. Kd3 Qd4+ {[%mdl 64] Double Attack} 32. Kc2 Qxe4+ $2 (32... Qxc4+ {mates} 33. Kb2 Qb4+ 34. Kc2 Bxb5 $1 {[%mdl 512]} 35. Ra1 Qxe4+ 36. Kc1 Qc4+ 37. Kb1 Qb4+ 38. Kc1 Qc3+ 39. Kb1 Bd3+ 40. Ka2 Qa5+ 41. Kb3 Qb5+ 42. Ka3 Bc4 $1 {[%mdl 512]} 43. Bf6+ Rxf6 44. Qe8+ Qxe8 45. Kb2 Qb5+ 46. Kc1 Bxd5 47. Ra7 Be4 48. Rxc7 Rg6 49. Rc8+ Rg8 50. Re8 Rxe8 51. h4 Rc8+ 52. Kd2 Qe2#) 33. Kb3 Qg6 {Played: Qe4-f5} 0-1

[Event "84th ESP-ch 2019"]
[Site "Marbella"]
[Date "2019.11.21"]
[Round "6.21"]
[White "Guillo Longares, Cecilia"]
[Black "Gomez Dieguez, David"]
[Result "1-0"]
[WhiteElo "2100"]
[BlackElo "2336"]
[Annotator "TA"]
[PlyCount "145"]
[EventDate "2019.11.16"]
[EventType "swiss"]
[EventCountry "ESP"]
[SourceTitle "playchess.com"]
[Source "ChessBase"]
[SourceQuality "1"]

{[%evp 9,145,29,23,28,27,25,25,25,33,27,31,0,0,-18,-6,-14,-14,-16,6,0,0,0,0,0,0,0,0,0,0,-7,5,2,19,14,17,18,26,25,71,0,14,-3,-5,-7,0,0,0,-4,-4,-11,62,-16,77,0,188,-18,148,-23,63,63,179,110,148,137,890,873,856,839,839,0,210,0,794,377,515,509,480,378,464,385,491,334,422,218,235,214,219,105,95,108,121,79,108,61,156,131,110,128,125,117,143,121,125,112,411,191,184,173,191,181,188,178,183,0,0,0,0,0,0,1,146,147,322,330,531,530,2118,2017,4022,4686,29984,29985,29985,29986,29986,12847,12848,12848]} 1. d4 Nf6 2. c4 e6 3. Nf3 d5 4. Nc3 a6 5. cxd5 exd5 6. Bg5 {D37: Queen's Gambit Declined: 5 Bf4} Be6 7. e3 Nbd7 8. Bd3 {White has an edge.} Bd6 (8... c6 9. Qb3 Qb6 10. Qxb6 Nxb6 11. Bxf6 gxf6 12. Nh4 a5 13. O-O-O Bb4 {1-0 (40) So,W (2767)-Demchenko,A (2655) Khanty-Mansiysk 2019}) 9. O-O c6 10. Qc2 Qc7 11. h3 h6 12. Bxf6 $1 Nxf6 13. Rab1 $146 ({Predecessor:} 13. Bf5 Bxf5 14. Qxf5 {½-½ (30) Leitao,R (2616)-Languidey,S (2427) Sao Paulo 2019}) 13... a5 14. a3 O-O 15. Rfc1 Rfc8 16. Nh4 Qd8 17. Nf3 Nd7 18. Qe2 f5 19. Na4 b5 20. Nc5 Nxc5 21. dxc5 Bc7 22. Nd4 Qd7 23. b4 a4 24. Rd1 (24. f4 $16) 24... Rf8 $11 25. Bc2 Rae8 26. Qd3 Rf6 27. Re1 Bb8 28. Re2 Qc7 {( -> ...Qh2+)} 29. f4 Bc8 (29... Qc8 $11) 30. Rf1 ({White should try} 30. g4 $1 $14) 30... Ref8 {[#]} (30... g6 $11) 31. Rf3 (31. g4 $1 $16 {[%mdl 512]}) 31... Qf7 $2 {[#]} (31... g6 $11 {and Black is okay.}) 32. Kf1 $2 (32. g4 $1 $18 {[%mdl 512]}) 32... Bd7 $2 {[#]} (32... g6 $11) 33. Ke1 $2 ({Only move:} 33. g4 $1 $16 {[%mdl 512]}) 33... Qh5 ({Black should play} 33... Re8 $11) 34. Kd2 $14 Rg6 {[#]} (34... g6 $14) 35. Ref2 (35. g4 $1 $18 {[%mdl 512]} Qh4 (35... fxg4 36. Rg3) 36. Rg2 (36. gxf5 Rg1 $14)) 35... Qh4 {[#]} 36. g4 $1 {[%mdl 512]} fxg4 $2 {[%mdl 8192]} (36... Rff6 $16) 37. Qxg6 $18 gxf3 38. Qh7+ {[%mdl 64] Zwischenzug} Kf7 39. Qg6+ $2 (39. Bg6+ Kf6 40. Rxf3) 39... Kg8 $1 40. Qh7+ $2 (40. Rxf3 Qf6 41. Qh7+ Kf7 42. Rg3 Bxf4 43. Qg6+ Kg8 44. Qxf6 Rxf6 45. exf4) 40... Kf7 41. Rxf3 (41. Bg6+ $142 Kf6 42. Rxf3) 41... Ke7 42. Qxg7+ Rf7 43. Qg6 Rf6 44. Qg3 ({Weaker is} 44. Qg8 Be5 $18) 44... Qh5 45. Qg7+ ({Not} 45. Qg8 Qe8 $18) 45... Rf7 46. Qg6 (46. Qg2 $142) 46... Qxg6 47. Bxg6 Rg7 48. Bf5 (48. Bc2 $18) 48... Rg2+ $16 49. Kc3 Be8 50. Bc2 Bc7 51. Nf5+ Kf6 (51... Kd7 $14) 52. Nxh6 Bh5 {[#]} 53. Ng4+ $1 Kf7 (53... Bxg4 54. hxg4) 54. Rf2 Rg3 55. Ne5+ Bxe5+ 56. fxe5+ {[%mdl 4096] Endgame KRB-KRB} Ke6 $2 {[%mdl 8192]} (56... Ke7 $16) 57. Kd4 (57. Rf6+ $142 Ke7 58. Kd4 (58. Rxc6 Rxe3+ 59. Kd4 Rxa3 $18)) 57... Bf3 $18 58. h4 Rh3 59. h5 Rh4+ 60. Kc3 $1 Bxh5 61. Rf6+ $2 ({White must play} 61. Bf5+ $1 $18 Ke7 62. Rg2) 61... Kxe5 $11 62. Rxc6 {Threatens to win with Rh6.} Rh3 $1 {aiming for ...d4+.} 63. Kd2 Rh2+ $1 64. Kc1 Rh1+ {[#]} (64... Re2 $1 $11) 65. Kb2 $1 $16 {Strongly threatening Rh6.} Re1 $2 (65... Bf7 $16) 66. Rh6 $18 Bf3 $2 {[#]} (66... Bg4 {was called for.} 67. Rg6 Be6) 67. c6 $1 d4 68. c7 Bg4 69. exd4+ Kxd4 {[#]} 70. Rh4 $1 Kd5 71. Rxg4 Re8 72. Rg5+ (72. Bf5 $142 Re2+ 73. Kc1 Re1+ 74. Kd2 Re8 75. c8=Q Rxc8 76. Bxc8 Kd6 77. Ba6) 72... Kd6 73. Rc5 {Accuracy: White = 42%, Black = 35%.} 1-0

[Event "84th ESP-ch 2019"]
[Site "Marbella"]
[Date "2019.11.21"]
[Round "6.22"]
[White "Guerra Rivera, Salvador"]
[Black "Romero Calduch, Sergio"]
[Result "1-0"]
[WhiteElo "2334"]
[BlackElo "2130"]
[Annotator "ChessBase"]
[PlyCount "57"]
[EventDate "2019.11.16"]
[EventType "swiss"]
[EventCountry "ESP"]
[SourceTitle "playchess.com"]
[Source "ChessBase"]
[SourceQuality "1"]
[TimeControl "5400+30"]

1. e4 {[%emt 0:00:00]} c6 {[%emt 0:02:51]} 2. d4 {[%emt 0:00:00]} d5 {[%emt 0:00:10]} 3. e5 {[%emt 0:00:05]} Bf5 {[%emt 0:00:25]} 4. h4 {[%emt 0:00:34]} h5 {[%emt 0:01:59]} 5. Bd3 {[%emt 0:00:15]} Bxd3 {[%emt 0:01:28]} 6. Qxd3 {[%emt 0:00:06]} e6 {[%emt 0:00:09]} 7. Bg5 {[%emt 0:00:30]} Qb6 {[%emt 0:07:41]} 8. Nd2 {[%emt 0:00:29]} Nh6 {[%emt 0:01:58]} 9. Ne2 {[%emt 0:08:06]} Nf5 {[%emt 0:08:39]} 10. c4 {[%emt 0:03:28]} Bb4 {[%emt 0:08:11]} 11. b3 {[%emt 0:03:19]} Be7 {[%emt 0:06:37]} 12. Nf3 {[%emt 0:09:43]} Qa6 {[%emt 0:05:09]} 13. O-O {[%emt 0:15:27]} Bxg5 {[%emt 0:09:07]} 14. hxg5 {[%emt 0:00:35]} g6 {[%emt 0:00:20]} 15. Nf4 {[%emt 0:03:14]} Nd7 {[%emt 0:11:02]} 16. Rfc1 {[%emt 0:09:18]} dxc4 {[%emt 0:05:23]} 17. bxc4 {[%emt 0:01:49]} Nb6 {[%emt 0:00:48]} 18. a4 {[%emt 0:06:40]} O-O-O {[%emt 0:13:21]} 19. Qc3 {[%emt 0:07:20]} Kb8 {[%emt 0:10:49]} 20. a5 {[%emt 0:01:14]} Nc8 {[%emt 0:00:39]} 21. Nd3 {[%emt 0:00:36]} c5 {[%emt 0:01:47]} 22. Nxc5 {[%emt 0:00:13]} Qc6 {[%emt 0:00:09]} 23. Rab1 {[%emt 0:12:50]} Nxd4 {[%emt 0:01:00]} 24. Nxb7 {[%emt 0:00:55]} Ne2+ {[%emt 0:00:32]} 25. Kf1 {[%emt 0:00:04]} Nxc3 {[%emt 0:00:15]} 26. Nxd8+ {[%emt 0:00:04]} Nxb1 {[%emt 0:00:50]} 27. Nxc6+ {[%emt 0:00:04]} Kc7 {[%emt 0:00:40]} 28. Ncd4 {[%emt 0:00:18]} Na3 {[%emt 0:00:54]} 29. Rc3 {[%emt 0:00:12]} 1-0

[Event "84th ESP-ch 2019"]
[Site "Marbella"]
[Date "2019.11.21"]
[Round "6.23"]
[White "Hernando Rodrigo, Julio Antonio"]
[Black "Pindado Campos, Raul"]
[Result "1/2-1/2"]
[WhiteElo "2271"]
[BlackElo "2100"]
[Annotator "TA"]
[PlyCount "61"]
[EventDate "2019.11.16"]
[EventType "swiss"]
[EventCountry "ESP"]
[SourceTitle "playchess.com"]
[Source "ChessBase"]
[SourceQuality "1"]

{[%evp 13,61,22,38,28,33,18,53,41,22,19,52,40,44,-4,16,-136,-139,-140,-138,-139,-138,-145,-147,-148,-150,-141,-155,-137,-140,-128,-94,-87,-85,-94,-83,-82,0,0,0,0,36,10,8,-21,17,0,2,-87,38,-986]} 1. d4 Nf6 2. c4 g6 3. Nc3 Bg7 4. e4 d6 5. Nf3 O-O 6. h3 e5 7. d5 Nh5 8. g3 {E90: King's Indian: Classical: Early deviations and 6 h3} Na6 9. a3 f5 10. exf5 gxf5 11. Nh4 Qe8 12. Be2 Nf6 13. g4 f4 $1 14. g5 $146 (14. Qc2 $11) ({Predecessor:} 14. Qc2 Kh8 15. Rg1 Bd7 {½-½ (41) Nguyen,A (2448)-Guseinov,G (2625) Baku 2016}) 14... Nd7 $17 {White must now prevent ...e4.} 15. Qc2 Nac5 {aiming for ...e4.} 16. b4 e4 17. bxc5 Nxc5 18. Bg4 Qe5 19. Bb2 {Hoping for Na4.} Nd3+ $1 ({Weaker is} 19... Qxg5 20. Rg1 $14) 20. Kf1 Nxb2 21. Nxe4 {[#] Nf3 is the strong threat.} Nd3 $1 {[%mdl 512]} 22. Qxd3 Qxa1+ 23. Kg2 Qd4 24. Qc2 {[#]} Bxg4 (24... b5 $1 $17 {And now ...Re8 would win.} 25. g6 (25. cxb5 Qxd5) 25... hxg6 26. cxb5 Bf5 27. Bxf5 gxf5) 25. hxg4 $11 {Threatens to win with Nf3.} Rae8 26. Kf3 Qb2 27. Qd3 {[%mdl 1024] White has compensation.} Qd4 28. Qc2 Qb2 29. Qd3 Qd4 30. Qc2 {[#]} (30. Qxd4 $11 {keeps the balance.} Bxd4 31. Nf5 Rxe4 32. Kxe4 Bxf2 33. Rh6) 30... Qb2 (30... b5 $1 $17 {[%cal Rb5c4]} 31. Nf5 (31. cxb5 Qxd5) 31... Qxc4 32. Qxc4 bxc4) 31. Qd1 $2 {[%mdl 40960] Accuracy: White = 38%, Black = 62%. . An unexpected result.} (31. Qxb2 $14 Bxb2 32. Nf5) 1/2-1/2

[Event "84th ESP-ch 2019"]
[Site "Marbella"]
[Date "2019.11.21"]
[Round "6.24"]
[White "Arroyo Rodriguez, Jesus"]
[Black "Jimenez Ruano, Adrian"]
[Result "1/2-1/2"]
[WhiteElo "2112"]
[BlackElo "2269"]
[Annotator "TA"]
[PlyCount "119"]
[EventDate "2019.11.16"]
[EventType "swiss"]
[EventCountry "ESP"]
[SourceTitle "playchess.com"]
[Source "ChessBase"]
[SourceQuality "1"]

{[%evp 16,119,9,-2,0,0,5,-2,-4,-4,-16,-7,10,0,6,14,0,7,22,0,0,0,0,0,11,10,0,0,0,0,177,0,0,0,36,-14,0,-131,-117,-274,-254,-412,-460,-450,-378,-414,-391,-323,-248,-229,-218,-210,-181,-196,-193,-503,-478,-636,-637,-872,-839,-895,-891,-850,-857,-707,-516,-514,-516,-516,-516,-516,-317,-516,-490,-461,-451,-516,-505,-483,-464,-2734,-2716,-1390,0,0,0,0,0,0,0,0,0,0,0,0,0,0,0,0,0,0,0,0,0,0]} 1. e4 c6 2. d4 d5 3. Nc3 dxe4 4. Nxe4 Nf6 5. Nxf6+ exf6 6. Nf3 Bd6 7. Bd3 O-O 8. O-O Bg4 9. c3 Nd7 {[%cal Bb8d7,Bd7c5,Bc5e6][%mdl 32] B15: Caro-Kann: 3 Nc3: 3...g6 and 3...dxe4 4 Nxe4 Nf6 5 Nxf6+ exf6} (9... Re8 10. h3 Bh5 11. Bf5 Nd7 12. Qd3 Bg6 13. Nh4 Bc7 14. Qf3 Nb6 15. g3 Bxf5 16. Nxf5 Qd5 17. Kg2 {½-½ (35) Perez Candelario,M (2569)-Romero Holmes,A (2451) Linares 2015}) 10. h3 Bh5 $1 11. g4 Bg6 12. Nh4 Bxd3 13. Qxd3 {[#]} Nc5 $1 {[%mdl 512]} 14. Qf3 (14. dxc5 $2 Bh2+ $1 {[%mdl 512]} 15. Kxh2 Qxd3 $19) 14... Ne6 15. Nf5 $146 ({Predecessor:} 15. Re1 Ng5 16. Bxg5 fxg5 17. Nf5 {1-0 (32) Marinkovic,S (2247)-Miskovic,T (1982) Makarska 2013}) 15... Re8 16. Be3 Qc7 17. Rae1 Rad8 18. h4 Qa5 19. a3 Bb8 20. Kg2 Qb5 21. Bc1 a5 22. Re4 c5 $2 {[#]} (22... Bd6 $11) 23. Rfe1 $2 (23. d5 $1 $18 {[%mdl 512]}) 23... cxd4 $1 $11 24. cxd4 Kf8 25. b4 (25. a4 $5 {[%cal Ra4b5]} Qd5 26. Kg1 $11) 25... a4 26. g5 {[#]} (26. Kg1 $11) 26... g6 $1 $17 27. Nh6 $2 (27. d5 $17 {was the only chance.} Qxd5 28. Nd4) 27... f5 $19 28. Re5 $2 (28. Rd1 {only move.}) 28... Bxe5 29. Rxe5 Qc6 30. d5 Qxc1 31. dxe6 Qc6 ({Much less strong is} 31... fxe6 32. Qxb7 (32. Rc5 $2 Qd2 $19) 32... Re7 33. Qb6 $19) ({Not} 31... Rxe6 $2 32. Rxe6 Qc4 33. Rb6 $18) 32. Nxf7 Qxf3+ 33. Kxf3 {[%mdl 4096] Endgame KRR-KRN} Rd3+ 34. Ke2 Rd4 35. f3 $2 (35. Ke3 Re4+ {[%mdl 64] Decoy} 36. Rxe4 fxe4 37. Kxe4 Rxe6+ 38. Ne5) 35... Ke7 36. Ke3 Rxh4 37. f4 Rh3+ 38. Kd4 Rxa3 39. Rb5 Rb8 40. Ne5 Ra1 41. Nc6+ bxc6 42. Rxb8 Kxe6 {KR-KR} 43. Re8+ Kd7 44. Ra8 $2 (44. Rh8) 44... Kd6 45. Rd8+ Kc7 46. Ra8 Kb7 47. Ra5 a3 48. Ke5 (48. Kc3 $142) 48... a2 49. Kf6 Rf1 $2 (49... Kb6 $19 {And now ...c5! would win.} 50. Kg7 {[#]} c5 $1 {[%mdl 576] Promotion} 51. Rxc5 Rf1) 50. Rxa2 $11 {The position is equal.} Rxf4 {...Rh4 is the strong threat.} 51. Rh2 Rxb4 52. Rxh7+ Kb6 53. Kxg6 f4 54. Rf7 c5 55. Kh7 Rb1 56. g6 Rh1+ 57. Kg8 (57. Kg7 $5 {[%cal Rf7f4]}) 57... Rg1 58. g7 c4 59. Rxf4 Kb5 60. Kf7 {Accuracy: White = 43%, Black = 67%.} 1/2-1/2

[Event "84th ESP-ch 2019"]
[Site "Marbella"]
[Date "2019.11.21"]
[Round "6.25"]
[White "Moral Garcia, Serafin"]
[Black "Ruiz Buendia, Miguel"]
[Result "1/2-1/2"]
[WhiteElo "2267"]
[BlackElo "1875"]
[Annotator "TA"]
[PlyCount "85"]
[EventDate "2019.11.16"]
[EventType "swiss"]
[EventCountry "ESP"]
[SourceTitle "playchess.com"]
[Source "ChessBase"]
[SourceQuality "1"]

{[%evp 21,85,10,41,-35,-6,-6,0,-70,-76,-70,-17,-39,-5,-53,0,0,0,0,0,0,0,0,0,0,0,-8,0,0,0,0,0,0,0,0,14,14,44,43,199,206,182,43,36,35,59,66,89,103,99,91,104,104,118,112,114,117,494,487,672,452,1605,1582,5078,5127,5057,84]} 1. e4 c5 2. Nf3 d6 3. Bb5+ Bd7 4. Bxd7+ Qxd7 5. c4 Nf6 6. Nc3 Nc6 7. O-O g6 8. d4 cxd4 9. Nxd4 Bg7 10. Nde2 O-O 11. f3 Rfd8 12. Qd2 {B52: Sicilian: Moscow Variation with 3...Bd7} (12. Bg5 $14) (12. Bg5 h6 13. Bh4 g5 14. Bf2 e6 15. Nd4 Rac8 16. b3 d5 17. exd5 exd5 18. c5 Nh5 19. Nxc6 Qxc6 {0-1 (102) Ly,M (2501)-Kovalyov,A (2617) Abu Dhabi 2016}) 12... Rac8 $146 ({Predecessor:} 12... a6 13. b3 b5 14. cxb5 axb5 15. Bb2 Qb7 16. Nd5 Ne5 17. Rfc1 Nxd5 18. exd5 Nd3 19. Bxg7 Nxc1 {0-1 (44) Wallis,C (2221)-Matheson,L (2080) Canberra 2010}) 13. b3 e6 14. Rd1 (14. Qe1 $11) 14... d5 $1 $15 15. Qe1 Qe7 ({Black should try} 15... Qe8 $15 16. exd5 exd5) 16. cxd5 $11 exd5 {Strongly threatening ...d4.} (16... Nb4 {with more complications.} 17. Ba3 exd5 18. e5 Qxe5 19. Bxb4 d4) 17. exd5 Nxd5 (17... Nb4 $15 18. Ba3 a5) 18. Nxd5 Rxd5 19. Rxd5 Bxa1 20. Qd2 Rd8 21. Rxd8+ Nxd8 22. Kf1 Nc6 23. Qd3 Be5 (23... h5 {keeps more tension.} 24. h3 Nb4 25. Qd2 Qc5 26. Ba3 a5) 24. h3 Qd6 25. Qxd6 Bxd6 {[%mdl 4096] Endgame KBN-KBN} 26. Nc3 Nb4 27. a4 Nd3 28. Be3 a6 29. Ke2 Nf4+ $2 (29... Ne5 $14) 30. Bxf4 $1 $18 Bxf4 {KB-KN} 31. Kd3 (31. Ne4 $1 $18) 31... f5 $1 $14 32. Kd4 Bd2 33. Nd5 Kf7 34. Ke5 b5 {[#]} 35. axb5 $1 axb5 36. Kd4 b4 37. Kc5 Ke6 38. Nxb4 h5 $2 {[%mdl 8192] [#]} (38... Be3+ $16 {is more resistant.} 39. Kc6 Ke5) 39. Nd3 $1 $18 {White is clearly winning.} g5 40. b4 g4 (40... Kd7 $142 41. Kd5 g4) 41. hxg4 fxg4 42. fxg4 hxg4 43. Kd4 $2 {Accuracy: White = 61%, Black = 26%.} (43. b5 $18 {and the rest is easy.} Be3+ 44. Kc6) 1/2-1/2

[Event "84th ESP-ch 2019"]
[Site "Marbella"]
[Date "2019.11.21"]
[Round "6.26"]
[White "Antonano Fedz-Quincoces, Avelino"]
[Black "Garcia Romero, Benjamin Abel"]
[Result "1/2-1/2"]
[WhiteElo "2021"]
[BlackElo "2234"]
[Annotator "TA"]
[PlyCount "89"]
[EventDate "2019.11.16"]
[EventType "swiss"]
[EventCountry "ESP"]
[SourceTitle "playchess.com"]
[Source "ChessBase"]
[SourceQuality "1"]

{[%evp 24,89,35,0,0,0,0,0,0,0,0,0,0,0,0,0,0,0,0,0,0,0,0,0,0,0,0,0,0,0,0,0,0,0,0,0,0,0,0,0,0,0,0,0,0,0,0,-7,0,0,0,0,0,0,0,0,0,0,0,0,0,0,14,14,14,14,14,14]} 1. e4 $146 (1. d4 Nf6 2. c4 g6 3. Nc3 Bg7 4. e4 d6 5. f3 O-O 6. Be3 c5 7. Nge2 Nc6 8. Qd2 Qa5 9. Rd1 cxd4 10. Nxd4 Nxd4 11. Bxd4 Be6 12. Be2 Rfc8 13. b3 a6 {0-1 (69) Nguyen,A (2540)-Damljanovic,B (2550) Bled 2002}) ({Predecessor:} 1. d4 Nf6 2. c4 g6 3. Nc3 Bg7 4. e4 d6 5. f3 O-O 6. Be3 c5 7. Nge2 Nc6 8. Qd2 cxd4 9. Nxd4 Qa5 10. Be2 Nxd4 11. Bxd4 Be6 12. Rd1 Rfc8 13. b3 a6 {1-0 (33) Biro,D (2221)-Haag,E (2285) Hungary 2008}) 1... c5 2. Nf3 Nc6 3. d4 cxd4 4. Nxd4 g6 5. c4 Bg7 6. Be3 Nf6 7. f3 O-O 8. Nc3 d6 9. Be2 Nxd4 10. Bxd4 Be6 11. O-O a6 12. Qd2 Qa5 13. Rad1 Rfc8 {The position is equal. E81: King's Indian: Sämisch: 6th move deviations (including 6 Be3 c6)} 14. b3 b5 $1 {[%cal Rb5c4]} 15. Bxf6 Bxf6 16. Nd5 Qxd2 17. Nxf6+ exf6 18. Rxd2 bxc4 19. Bxc4 Bxc4 20. bxc4 Rxc4 21. Rxd6 $11 {[%mdl 4096] Endgame KRR-KRR} Ra4 22. Rf2 Kg7 23. Rc2 Ra7 24. Kf2 h5 25. Ke3 Re7 26. Rd4 Ra5 27. a4 f5 28. Rcc4 fxe4 29. Rxe4 Rd7 30. g4 Rd1 31. Kf2 Rad5 32. h4 R1d2+ 33. Kg3 hxg4 34. Rxg4 Ra2 35. Rgd4 Ra5 36. Rf4 g5 37. Rg4 f6 38. hxg5 Rxg5 39. Rxg5+ fxg5 {KR-KR} 40. Rc7+ Kf8 41. Kg4 Rxa4+ 42. Kxg5 Rd4 43. f4 Rd6 44. Ra7 Rb6 45. f5 {Accuracy: White = 86%, Black = 90%.} 1/2-1/2

[Event "84th ESP-ch 2019"]
[Site "Marbella"]
[Date "2019.11.21"]
[Round "6.27"]
[White "Perez Guerra, Alberto"]
[Black "Rey Malde, Henrique"]
[Result "1/2-1/2"]
[WhiteElo "1988"]
[BlackElo "2209"]
[Annotator "TA"]
[PlyCount "72"]
[EventDate "2019.11.16"]
[EventType "swiss"]
[EventCountry "ESP"]
[SourceTitle "playchess.com"]
[Source "ChessBase"]
[SourceQuality "1"]

{[%evp 14,72,9,0,20,6,15,16,21,-25,-24,-42,0,0,50,52,52,31,67,71,82,26,29,13,60,57,58,60,64,62,82,57,66,56,53,61,68,51,51,49,60,-30,45,30,47,22,59,0,63,66,68,39,73,72,75,29,29,26,38,14,44]} 1. c4 e5 2. g3 d6 3. Bg2 f5 4. Nc3 Nf6 5. d3 Be7 6. e3 O-O 7. Nge2 c6 8. O-O Qe8 {A21: English Opening: 1...e5 2 Nc3} 9. f4 Na6 10. b3 Be6 (10... Bd8 11. Qd2 Bb6 12. Na4 Bc7 13. Bb2 Bd7 14. Rae1 Rd8 15. h3 b5 16. cxb5 cxb5 {1-0 (52) Oparin,G (2609)-Vitiugov,N (2730) Satka 2018}) 11. e4 fxe4 12. Nxe4 $146 ({Predecessor:} 12. dxe4 Rd8 13. f5 Bf7 14. Qd3 Nc5 15. Qc2 Qd7 16. Bg5 Ng4 17. Bc1 {0-1 (54) Delpech,O (1700)-Boussaha,B (1860) Montigny le Bretonneux 2004}) 12... Nxe4 13. dxe4 Rd8 14. f5 Bf7 15. Be3 b6 16. Nc3 Nc7 17. Qg4 (17. Rc1 $16) 17... Bf6 $11 18. Rae1 {[%cal Ba1e1,Be1d1,Bd1d2][%mdl 32]} Qe7 19. Rd1 Rd7 20. Rd2 Rfd8 21. Rfd1 Kh8 22. Qe2 Bg5 23. Bf3 Bxe3+ 24. Qxe3 Ne8 25. g4 h6 26. Qf2 Nf6 27. Qg2 (27. h3 $14) 27... Nh7 (27... b5 $1 $11) 28. Qg3 a6 29. a4 Nf6 30. Qh4 ({White should play} 30. h4 $14) 30... Nd5 (30... d5 $11) 31. Qxe7 $14 Nxe7 32. h4 c5 33. g5 {Strongly threatening g6.} Nc6 34. Ne2 Nd4 35. Nxd4 cxd4 36. Be2 Rb7 {Accuracy: White = 19%, Black = 39%.} 1/2-1/2